COMPARATIVE MATERIA MEDICINE (Record no. 20385)

MARC details
000 -LEADER
fixed length control field 00288nam a22001337a 4500
003 - CONTROL NUMBER IDENTIFIER
control field SGT
082 ## - DEWEY DECIMAL CLASSIFICATION NUMBER
Classification number 615.1
Item number C15F
100 ## - MAIN ENTRY--PERSONAL NAME
Personal name FARRINGTONM, EA
245 ## - TITLE STATEMENT
Title COMPARATIVE MATERIA MEDICINE
260 ## - PUBLICATION, DISTRIBUTION, ETC. (IMPRINT)
Place of publication, distribution, etc INDIA
Name of publisher, distributor, etc B.JAIN PUB
Year of Publication 2015
300 ## - PAGE DESCRIPTION
No. of Pages 553
650 ## - SUBJECT ADDED ENTRY--TOPICAL TERM
Topical term or geographic name as entry element HOMEOPATHIC
942 ## - ADDED ENTRY ELEMENTS (KOHA)
Source of classification or shelving scheme Dewey Decimal Classification
Koha item type Books
Holdings
Withdrawn status Lost status Source of classification or shelving scheme Damaged status Not for loan Home library Current library Shelving location Date acquired Vendor Name Cost, normal purchase price SGTU Bill Number Total Checkouts Full call number Accession No. (Barcode) Date last seen Bill Date Koha item type
    Dewey Decimal Classification     Homeopathy Library Homeopathy Library Text Book 24/07/2020 AHUJA PUB 299.00 SGTU 7135   615.1 C15F FH1527 24/07/2020 09/08/2016 Books
    Dewey Decimal Classification     Homeopathy Library Homeopathy Library Text Book 24/07/2020 AHUJA PUB 299.00 SGTU 7135   615.1 C15F FH1528 24/07/2020 09/08/2016 Books
    Dewey Decimal Classification     Homeopathy Library Homeopathy Library Text Book 24/07/2020 AHUJA PUB 299.00 SGTU 7135   615.1 C15F FH1529 24/07/2020 09/08/2016 Books
    Dewey Decimal Classification     Homeopathy Library Homeopathy Library Text Book 24/07/2020 AHUJA PUB 299.00 SGTU 7135   615.1 C15F FH1530 24/07/2020 09/08/2016 Books
    Dewey Decimal Classification     Homeopathy Library Homeopathy Library Text Book 24/07/2020 AHUJA PUB 299.00 SGTU 7135   615.1 C15F FH1531 24/07/2020 09/08/2016 Books
    Dewey Decimal Classification     Homeopathy Library Homeopathy Library Text Book 24/07/2020 AHUJA PUB 299.00 SGTU 7135   615.1 C15F FH1532 24/07/2020 09/08/2016 Books